Applied statistics :improving business processes. / (Record no. 868)

MARC details
000 -LEADER
fixed length control field 01526cam a2200265 a 4500
001 - CONTROL NUMBER
control field 3526281
005 - DATE AND TIME OF LATEST TRANSACTION
control field 20210414113937.0
008 - FIXED-LENGTH DATA ELEMENTS--GENERAL INFORMATION
fixed length control field 960919s1997 ilua b 001 0 eng
020 ## - INTERNATIONAL STANDARD BOOK NUMBER
International Standard Book Number 025619386X
040 ## - CATALOGING SOURCE
Original cataloging agency DLC
Transcribing agency DLC
Modifying agency DLC
050 00 - LIBRARY OF CONGRESS CALL NUMBER
Classification number HF1017.B654
Item number
100 1# - MAIN ENTRY--PERSONAL NAME
Personal name Bowerman, Bruce L.
245 10 - TITLE STATEMENT
Title Applied statistics :improving business processes. /
Statement of responsibility, etc. Bruce L. Bowerman, Richard T. O'Connell.
260 ## - PUBLICATION, DISTRIBUTION, ETC.
Place of publication, distribution, etc. Chicago :
Name of publisher, distributor, etc. Irwin,
Date of publication, distribution, etc. c1997.
300 ## - PHYSICAL DESCRIPTION
Extent xviii, 1273 p. :
Other physical details ill. ;
Dimensions 29 cm.
440 #4 - SERIES STATEMENT/ADDED ENTRY--TITLE
Title The Irwin series in statistics
504 ## - BIBLIOGRAPHY, ETC. NOTE
Bibliography, etc. note Includes bibliographical references and index.
505 ## - FORMATTED CONTENTS NOTE
Formatted contents note Contents: An Introduction to business statistics -- Descriptive statistics -- Probability and random variables -- Probability distributions -- Sampling distributions -- Confidence intervals -- Hypothesis testing -- Statistical inferences based on two samples -- Introduction to quality improvement using control charts -- Sample linear regression analysis -- Multiple regression -- Model building and model diagnostics -- Time series forecasting -- Experimental design and analysis of variance -- Chi-square tests -- Statistical tables -- Using matrix algebra to perform regression calculations -- Answers to most odd-numbered exercises.
650 #0 - SUBJECT ADDED ENTRY--TOPICAL TERM
Topical term or geographic name entry element Commercial statistics.
650 #0 - SUBJECT ADDED ENTRY--TOPICAL TERM
Topical term or geographic name entry element Statistics.
700 1# - ADDED ENTRY--PERSONAL NAME
Personal name O'Connell, Richard T.
906 ## - LOCAL DATA ELEMENT F, LDF (RLIN)
a 7
b cbc
c orignew
d 1
e ocip
f 19
g y-gencatlg
942 ## - ADDED ENTRY ELEMENTS (KOHA)
Source of classification or shelving scheme Library of Congress Classification
Koha item type Books
Holdings
Withdrawn status Lost status Source of classification or shelving scheme Damaged status Not for loan Home library Current library Shelving location Date acquired Total Checkouts Full call number Barcode Date last seen Copy number Price effective from Koha item type
    Library of Congress Classification     WISCONSIN INTERNATIONAL UNIVERSITY COLLEGE, GHANA - MAIN LIBRARY WISCONSIN INTERNATIONAL UNIVERSITY COLLEGE, GHANA - MAIN LIBRARY General Stacks 11/05/2012   HF1017.B654 2038/12 11/05/2012 1 11/05/2012 Books
    Library of Congress Classification     WISCONSIN INTERNATIONAL UNIVERSITY COLLEGE, GHANA - MAIN LIBRARY WISCONSIN INTERNATIONAL UNIVERSITY COLLEGE, GHANA - MAIN LIBRARY General Stacks 11/05/2012   HF1017.B6541 2039/12 11/05/2012 2 11/05/2012 Books

If you have any concerns or questions; kindly contact the library


© Powered by WIUC ICT DIRECTORATE